แสดงรายละเอียดบรรณานุกรม
  กลับหน้าหลัก

Brief Record : Get Marc (ISO 2709) : E-mail record : QR code ปิดหน้าต่าง
E-books : เกี่ยวกับ Collections
LEADER 00000nam 2200000uu 4500
008    120814s2007||||th 000 0 eng d
040    ^abcnkk
041 0  ^aeng
090    ^aVCD 000263
100 0  ^aPatronis Jones,Rebecca A.
245 00 ^aNursing leadership and management : theories,processes and practice./^bRebecca A. Patronis Jones.
260    ^aPhiladelphia : ^bF.A. Davis Co,^c2007.
300    ^a 1 แผ่น ;^bเสียง,สี.
650  0 ^aNursing services ^xadministration.
650  0 ^aLeadership.
650  0 ^aVCD.
999    ^aใช้งานได้ทุกระบบ
รายการนี้ยังไม่มีแท็ก
คุณยังไม่ได้ล็อกอิน คุณสามารถมีกิจกรรมร่วมกับเว็บไซต์ได้ แต่ต้องล็อกอินก่อน ::
  ล็อกอิน
ลำดับที่ ประเภท เลขเรียก สถานที่ สถานะ
1. สื่อวีดิทัศน์
สื่อวีดิทัศน์
VCD 000263 2007  
  
ชั้นวีซีดี On Shelf
  ขอยืม
Note:แผ่นวีดีทัศน์
2. สื่อวีดิทัศน์
สื่อวีดิทัศน์
VCD 000263 2007 ฉ.2 
  
ชั้นวีซีดี On Shelf
  ขอยืม
Note:แผ่นวีดีทัศน์
3. สื่อวีดิทัศน์
สื่อวีดิทัศน์
VCD 000263 2007 ฉ.3 
  
ชั้นวีซีดี On Shelf
  ขอยืม
Note:แผ่นวีดีทัศน์
4. สื่อวีดิทัศน์
สื่อวีดิทัศน์
VCD 000263 2007 ฉ.4 
  
ชั้นวีซีดี On Shelf
  ขอยืม
Note:แผ่นวีดีทัศน์
5. สื่อวีดิทัศน์
สื่อวีดิทัศน์
VCD 000263 2007 ฉ.5 
  
ชั้นวีซีดี On Shelf
  ขอยืม
Note:แผ่นวีดีทัศน์
   [แสดง 5/5 รายการ]

รายการใกล้เคียง
    หัวเรื่อง [Leadership.]
    หัวเรื่อง [VCD.]

BibComment


ยังไม่เคยถูกคอมเมนท์

คอมเมนท์ทรัพยากรรายการนี้
  คอมเมนท์: Nursing leadersh..
Bib 208057

 
 
 

 Union Library Management : ULibM
Copyright 2026. All Rights Reserved.
скачать бесплатно без регистрации порно красивый секс HD Sex Hindi sex

xxx gou

xxxx

bfxxx

xxxwww

Секса Видео

xxxx

Секса Видео

detube

geilexxx

C99 Shell

worms shell

blod xxx video
Ebony Coed Rihanna Rimes Takes A Dick In Her Young Twat priyaa indian fuck anal and pusssy hardcore indian women xxx desi hardcore fucking part 1 bengalixxxcouple